Examen du nourrisson - Statistiques

Statistiques générales
  • Ce quiz a été pris 14 fois
    5 depuis la dernière actualisation
  • Le résultat moyen est 8 sur 23
Statistiques - réponses
Dimensions Date % Correct
Acquisition du langage Répète une syllabe 9
100%
Premier mots 12
60%
Sociabilisation Sourire réponse 2
60%
Jeux de faire semblant 24
60%
Posturale Tenue de tête 4
60%
Tient assis sans appui 9
60%
Répond a son prénom 1
40%
Associe deux mots 24
40%
Attention conjointe 7
40%
Peur de l'étranger 9
40%
Marche seul 12-18
20%
Stock lexical 18-24
20%
Court 24
20%
Superpose objet 24
20%
Phrase 3
20%
Monte escalier 3
20%
Cercle 3
20%
Carré 4
20%
Triangle 5
20%
Coordination oeil main Préhension volontaire 6
20%
Losange 6
20%
Double syllabe 8-10
20%
Pince pouce index 9
20%
Aucun quiz correspondant
Distribution des résultats
% des personnes avec chaque résultat
Percentile par nombre de réponses
Votre historique - résultats
Vous n’avez pas pris ce quiz depuis la dernière actualisation